书目信息 |
| 题名: |
工程渗流力学及应用
|
|
| 作者: | 苑莲菊 编著 | |
| 分册: | ||
| 出版信息: | 北京 中国建材工业出版社 2001.07 |
|
| 页数: | 451页 | |
| 开本: | 26cm | |
| 丛书名: | ||
| 单 册: | ||
| 中图分类: | TB126-39 | |
| 科图分类: | ||
| 主题词: | 工程力学 | |
| 电子资源: | ||
| ISBN: | 7-80159-075-9 | |
| 000 | 00556nam0 2200181 45 | |
| 001 | 0258239248 | |
| 005 | 2002040816103924 | |
| 010 | @a7-80159-075-9@dRMB 51.00 | |
| 100 | @a20020408d2001 km y0chiy0120 ea | |
| 101 | 0 | @achi |
| 200 | 1 | @a工程渗流力学及应用@AGong Cheng Shen Liu Li Xue Ji Ying Yong@f苑莲菊等编著@FYuan Lian Ju Deng Bian Zhu |
| 210 | @a北京@c中国建材工业出版社@d2001.07 | |
| 215 | @a451页@d26cm | |
| 606 | 0 | @a工程力学 |
| 690 | @aTB126-39@v3 | |
| 701 | 0 | @a苑莲菊@AYuan Lian Ju@4编著 |
| 801 | 0 | @aCN@bPFT@c20020408 |
| 905 | @a10447@dTB126-39@eY940 | |
| 工程渗流力学及应用/苑莲菊等编著.-北京:中国建材工业出版社,2001.07 |
| 451页;26cm |
| ISBN 7-80159-075-9:RMB 51.00 |
| ● |
| 相关链接 |
|
|
|
正题名:工程渗流力学及应用
索取号:TB126-39/Y940
 
预约/预借
| 序号 | 登录号 | 条形码 | 馆藏地/架位号 | 状态 | 备注 |
| 1 | 356516 | 203565169 | 自科库501/501自科库 4排2列4层/ [索取号:TB126-39/Y940] | 在馆 | |
| 2 | 356517 | 203565178 | 自科库501/501自科库 4排2列4层/ [索取号:TB126-39/Y940] | 在馆 | |
| 3 | 356518 | 203565187 | 自科库501/501自科库 4排2列4层/ [索取号:TB126-39/Y940] | 在馆 |